000 00836na a2200289 4500
001 12853
003 MIRAKIL
005 20181213154907.0
008 160926b tu 000 0
020 _a994445706
035 _a12853
040 _aMilas
_btur
_cTR-AnCHP
082 _a291.172
_bS39d 2006
090 _a291.172 S39d 2006
100 _aSezen, Yümni
245 _aDinlerarası diyalog ihaneti
_bDini-psikolojik-sosyolojik tahlil
_cYümni Sezen
250 _aİlaveli 4. bs.
260 _aİstanbul
_bKelam Yayınları
_c2006
300 _a223 s.
_bres.
_c21 sm.
490 _aSosyolojik Araştırmalar
_v1
490 _aKelam yayınları
_v4
504 _aKaynakça var.
650 _aDin
_xKüreselleşme
650 _aİslam dini
_xSosyolojik yönler
650 _aDinlerarası ilişkiler
942 _2ddc
_cBKS
999 _c2707
_d2707